1990 1571 1400 1686 1589 1469 1701 1672 1285 1152 1583 1856 1577 1217 1866 1488 1808 1933 1731 1709 1631 1824 1349 1601 1903 1261 1475 1203 1859 1707 1893 1580 1253 1909 1131 1304 1796 1093 1623 1779 1448 1011 1158 1976 1634 1741 1877 1227 1834 1114 1753 1727 1546 1694 1515 1694 1513 1886 1920 1688 1542 1080 1749 1550 1443 1547 1082 1745 1093 1797 1912 1571 1196 1096 1316 1669 1211 1277 1056 1541 1492 1695 1361 1203 1879 1063 1491 1215 1089 1803 1094 1263 1219 1265 1369 1775 1895 1435 1910 BCNSPRNW ULIB Ver.6.0+V

เปลี่ยนเป็นภาษาไทย

Change to English
 แสดงรายละเอียดบรรณานุกรม
  กลับหน้าหลัก

Brief Record : Get Marc (ISO 2709) : E-mail record : QR code < ปิดหน้าต่าง
LEADER : 00000nam 2200000uu 4500
001    13399119982
003     ULIB
008    120819s2551||||th 000 0 tha d
020    ^a9789743483479
060  4 ^aWY18.2^bพ953ท
110 1  ^aเพื่อนช่วยจำ
245 00 ^aทบทวนการพยาบาลผู้ใหญ่ ANR=^bAdult nursing review,^cเพื่อนช่วยจำ
246 0  ^aAdult nursing review
260    ^aกรุงเทพฯ:^bเพื่อนช่วยจำ,^c2551
300    ^a202 หน้า
650  7 ^aการพยาบาลผู้ใหญ่^xข้อสอบ
710 1  ^aเพื่อนช่วยจำ
945    ^p199^l0^i19266
945    ^p199^l0^i19267
995    ^aเกษร
999    ^aใช้งานได้ทุกระบบ
รายการนี้ยังไม่มีแท็ก
คุณยังไม่ได้ล็อกอิน คุณสามารถมีกิจกรรมร่วมกับเว็บไซต์ได้ แต่ต้องล็อกอินก่อน ::
  ล็อกอิน

รายการสื่อสารสนเทศ

ลำดับที่ ประเภท เลขเรียก/บาร์โค้ด สถานที่ สถานะ
1. วิทยาศาสตร์การแพทย์ และสุขภาพ
หนังสือสำรอง
สถานะ=หนังสือสำรอง
WY18.2 พ953ท ฉ.1 
  Barcode: 19266
ห้องสมุดวิทยาเขตนครสวรรค์
►ส่วนจัดเก็บหนังสือเก่า นว.
บนชั้น
  ขอยืม
2. วิทยาศาสตร์การแพทย์ และสุขภาพ
วิทยาศาสตร์การแพทย์ และสุขภาพ
WY18.2 พ953ท ฉ.2 
  Barcode: 19267
ห้องสมุดวิทยาเขตนครสวรรค์
►ส่วนจัดเก็บหนังสือเก่า นว.
บนชั้น
  ขอยืม

BibComment


ยังไม่เคยถูกคอมเมนท์

คอมเมนท์ทรัพยากรรายการนี้
  คอมเมนท์: ทบทวนการพยาบาลผู..


 Copyright 2026. Bcnsprnw @Library